000 00326nam a2200133Ia 4500
008 100328s9999 xx 000 0 und d
082 _b33010
100 _aआफळे सुनिती
245 _aकेवडा
260 _bआरती
630 _aकेवडा
730 _aकेवडा
942 _cBOOK
999 _c523611
_d523608